ਠੰਡੀ ਹਵਾ / (Record no. 109845)

MARC details
000 -LEADER
fixed length control field 00952nam a22002537a 4500
005 - DATE AND TIME OF LATEST TRANSACTION
control field 20170123164144.0
010 ## - LIBRARY OF CONGRESS CONTROL NUMBER
LC control number B-124585
020 ## - INTERNATIONAL STANDARD BOOK NUMBER
Terms of availability 130.00
International Standard Book Number 8178832433
035 ## - SYSTEM CONTROL NUMBER
System control number B-124585
037 ## - SOURCE OF ACQUISITION
Source of stock number/acquisition Cen Lib/Ret
040 ## - CATALOGING SOURCE
Original cataloging agency DPL
Language of cataloging PN
082 ## - DEWEY DECIMAL CLASSIFICATION NUMBER
Classification number
Item number ਸੰਘੇੜਾ
100 ## - MAIN ENTRY--PERSONAL NAME
Personal name ਸੰਘੇੜਾ, ਬਲਬੀਰ ਕੌਰ
9 (RLIN) 119931
245 ## - TITLE STATEMENT
Title ਠੰਡੀ ਹਵਾ /
Statement of responsibility, etc ਬਲਬੀਰ ਕੌਰ ਸੰਘੇੜਾ
246 ## - VARYING FORM OF TITLE
Title proper/short title Thandi hawa : short stories /
Remainder of title by Balbir Kaur Sanghera
260 ## - PUBLICATION, DISTRIBUTION, ETC. (IMPRINT)
Place of publication, distribution, etc ਲੁਧਿਆਣਾ
Name of publisher, distributor, etc ਚੇਤਨਾ ਪ੍ਰਕਾਸ਼ਨ
Date of publication, distribution, etc 2005
270 ## - ADDRESS
Address ਪੰਜਾਬੀ ਭਵਨ
City ਲੁਧਿਆਣਾ
300 ## - PHYSICAL DESCRIPTION
Extent 125p ;
Dimensions 20cm
650 ## - SUBJECT ADDED ENTRY--TOPICAL TERM
Topical term or geographic name as entry element ਪੰਜਾਬੀ -- ਕਹਾਣੀਆ
9 (RLIN) 119932
650 ## - SUBJECT ADDED ENTRY--TOPICAL TERM
Topical term or geographic name as entry element ਸਾਹਿਤ -- ਪੰਜਾਬੀ
9 (RLIN) 119933
650 ## - SUBJECT ADDED ENTRY--TOPICAL TERM
Topical term or geographic name as entry element literature -- Punjabi
9 (RLIN) 114104
650 ## - SUBJECT ADDED ENTRY--TOPICAL TERM
Topical term or geographic name as entry element Punjabi -- story
9 (RLIN) 116063
942 ## - ADDED ENTRY ELEMENTS (KOHA)
Source of classification or shelving scheme Dewey Decimal Classification
Koha item type Punjabi Bks
Classification part
Call number suffix ਸੰਘੇੜਾ
Holdings
Withdrawn status Lost status Damaged status Not for loan Home library Current library Date acquired Source of acquisition Cost, normal purchase price Total Checkouts Full call number Barcode Date last seen Date checked out Copy number Cost, replacement price Price effective from Koha item type
        Central Library Central Library 08/01/2016 Cen Lib/Ret 130.00 1 ਕ ਸੰਘੇੜਾ B-124585 12/04/2017 31/03/2017 1 130.00 08/01/2016 Punjabi Bks

© Delhi Public Library
Hit Counter
free hit counter